000 00329nam a22001457a 4500
008 180810b xxu||||| |||| 00| 0 eng d
020 _a9780721694061
041 _aeng
080 _a616-053.2
082 _24 ED
100 _a8
101 _aPED
245 _aNELSON ESEENTIALS OF PEDIATRICS
_cBEHRMAN.R.E
942 _2udc
_cBK
999 _c46991
_d46991